La Libertad política en el liberalismo del siglo XIX.
Wedi'i Gadw mewn:
| Prif Awdur: | |
|---|---|
| Fformat: | Llyfr |
| Iaith: | Sbaeneg |
| Cyhoeddwyd: |
Santiago, Chile:
Universitaria,
1979.
|
| Rhifyn: | 1a. edición. |
| Cyfres: | Fascículos para la comprensión de la ciencia, las humanidades y la tecnología, 18.
|
| Pynciau: | |
| Tagiau: |
Ychwanegu Tag
Dim Tagiau, Byddwch y cyntaf i dagio'r cofnod hwn!
|
MARC
| LEADER | 00000cam a2200000 a 4500 | ||
|---|---|---|---|
| 001 | UCV1886 | ||
| 003 | CL-VaPUC | ||
| 005 | 20240513115747.0 | ||
| 008 | 910611e19790000CL |||||||||||||||||spa|d | ||
| 999 | |c 209647 |d 209645 | ||
| 040 | |c Pontificia Universidad Católica de Valparaíso | ||
| 082 | 0 | 4 | |a 320.01 IZQ 1979 |2 21 |
| 100 | |a Izquierdo Fernández, Gonzalo |e autor |9 436953 | ||
| 245 | 1 | 3 | |a La Libertad política en el liberalismo del siglo XIX. |
| 250 | |a 1a. edición. | ||
| 260 | |a Santiago, Chile: |b Universitaria, |c 1979. | ||
| 300 | |a 86 páginas. | ||
| 490 | 0 | |a Fascículos para la comprensión de la ciencia, las humanidades y la tecnología, 18. | |
| 500 | |a c.4 Donación Familia Prof. Alejandro Guzmán Brito. | ||
| 583 | |a last modification |c 20160520 08:55:46 |k Rodrigo Vera | ||
| 650 | 0 | |a Liberalismo |9 255715 |y Siglo 19 | |
| 650 | 0 | |a Teoría política |9 295219 |x Siglo 19 | |
| 942 | |c BK |2 ddc |n 0 | ||
| 945 | |d 19910611 00:00:00 | ||
| 952 | |0 0 |1 0 |4 0 |6 320_010000000000000_IZQ_1979 |7 0 |8 DER_TF |9 185205 |a BIBDER |b BIBDER |d 2019-11-14 |i 2526697 |o 320.01 IZQ 1979 |p 2526697 |r 2023-01-25 |w 2019-11-14 |x Ubicación 4to Piso |y BK |z Estos recursos deben solicitarse con anticipación |k DER | ||
| 952 | |0 0 |1 0 |4 0 |6 320_010000000000000_IZQ_1979 |7 0 |8 A |9 185206 |a BIBHIS |b BIBHIS |d 2019-11-14 |i 1332775 |o 320.01 IZQ 1979 |p 1332775 |r 2025-01-20 |w 2019-11-14 |y BK |k HIS | ||
| 952 | |0 0 |1 0 |3 erb |4 0 |6 320_010000000000000_IZQ_1979 |7 0 |8 A |9 185207 |a FDOHBE |b FDOHBE |e Huesbe Llanos, Marco Antonio, 1934- |i 5305357 |o 320.01 IZQ 1979 |p 5305357 |r 2024-01-30 |w 2019-11-14 |y BK |z Catalogado en:20160520 |k HBE | ||
| 952 | |0 0 |1 0 |2 ddc |4 0 |6 320_010000000000000_IZQ_1979 |7 1 |8 C_AGB |9 580483 |a BIBDER |b BIBDER |d 2022-01-12 |e Donación |i 5638046 |o 320.01 IZQ 1979 |p 5638046 |r 2023-01-25 |t 4 |w 2022-01-12 |y BK_US |k AGB | ||